000
00292nam a22001337a 4500
008
170127b xxu||||| |||| 00| 0 eng d
020
_a
9780138024642
041
_a
eng
080
_2
9TH
_a
61
100
_a
3
101
_a
SHM
245
_a
FUNDAMENTALS OF NURSING
_c
BERMAN,A
942
_2
udc
_c
BK
999
_c
3913
_d
3913